La Brabançonne - Mort subite - Statistiques

Statistiques générales
  • Ce quiz a été pris 105 fois
    14 depuis la dernière actualisation
  • Le résultat moyen est 9 sur 20
Answers on the Grid
Answers color-coded by a green-red scale on the quiz's grid according to % correct below.
Belgique
Mère
Coeurs
Bras
Sang
Patrie
Jurons
Vivras
Grande
Belle
Invincible
Devise
Immortelle
Unité
Roi
Loi
Liberté
Chérie
Toujours
Notre
Pays
Gloire
Jours
Force
Justice
Infinie
Dans
Nation
Drapeau
Pavillon
Jamais
Mains
Noir
Rouge
Union
Quand
 
Statistiques - réponses
Réponse % Correct
Belgique
67%
Notre
67%
Roi
67%
Loi
56%
Chérie
44%
Coeurs
44%
Grande
44%
Immortelle
44%
Invincible
44%
Jurons
44%
Liberté
44%
Mère
44%
Patrie
44%
Sang
44%
Toujours
44%
Vivras
44%
Belle
33%
Bras
33%
Devise
33%
Unité
33%
Aucun quiz correspondant
Distribution des résultats
% des personnes avec chaque résultat
Percentile par nombre de réponses
Votre historique - résultats
Vous n’avez pas pris ce quiz depuis la dernière actualisation